000 00869nam a22002297a 4500
005 20180212111613.0
010 _aENG-122248
020 _a9789381335895
_c375.00
035 _aB-687854-865
035 _aEN-105780
037 _bSai Global
_adpl
037 _bDBAD/PUB
082 _a 345.367067
100 _aGoyal, Bhushan Kumar
245 _aBusiness laws :
_cby Bhushan Kumar Goyal [and] Kinneri Jain
_bchoice based credit system /
260 _aNew Delhi
_bInternational book house
_c2016
270 _a2/42, Ansari Road, Darya Ganj,
_bNew Delhi
_e110002
300 _a524p.
_c24cm(pbk)
700 _aJain, Kinneri
942 _2ddc
_cEN
_mGOY
_h345.367067
999 _c145771
_d145771